| 000 | 00809nam a22002777a 4500 | ||
|---|---|---|---|
| 003 | CHAP | ||
| 005 | 20220329140840.0 | ||
| 008 | 971013s1888 r 00010 d | ||
| 010 | _a58575 | ||
| 011 | _a59547 | ||
| 035 | _a63706 | ||
| 040 | _cCHAP | ||
| 082 |
_a615.372 _bS8 |
||
| 100 | 0 | 0 |
_aSuzor, J. R. _9110820 |
| 245 | _aExposé pratique du traitement de la rage parla méthode Pasteur | ||
| 260 |
_aParis : _bLibrairie A. Maloine, _c1888 |
||
| 300 |
_a272 p. _b: ilus. |
||
| 590 |
_aBATCH-UPD _b10 _c20130110 _lUCH01 _h0520 |
||
| 590 |
_aBATCH-UPD _b10 _c20130110 _lUCH01 _h2332 |
||
| 590 |
_aCONVERSION _b10 _c20130109 _lUCH01 _h1331 |
||
| 650 | 1 | 4 |
_aPasteur, Louis. _985911 |
| 650 | 1 | 4 |
_aRabia. _993630 |
| 901 | _aBK | ||
| 942 | _cLIBRO | ||
| 949 |
_a615.372 S8 _bBC _cBPP _d-137218 _eBPP _h18381 _i63706 _si |
||
| 999 |
_c58575 _d58575 |
||